| 000 | 00356cam a22001337a 4500 | ||
|---|---|---|---|
| 008 | 180718b1963 xxu||||| |||| 00| 0 eng d | ||
| 082 | _aT19x5412 M697 | ||
| 100 | _aMitra, Asok | ||
| 245 |
_aCalcutta India's city _cby Asok Mitra |
||
| 260 |
_aCalcutta _bNew Age _c1963 |
||
| 300 | _a99p. | ||
| 650 | _aWest Bengal - Economic Conditions | ||
| 650 | _aCalcutta | ||
| 999 |
_c374125 _d374125 |
||